000 02367nam a2200265Ma 4500
005 20140903175028.0
008 130719s2013 xxu frn 001 0 eng d
020 _z9780813044866
040 _aCo-BoUCM
_cJavier Garzón
_bspa
_dAldemar Mondragón
041 0 _aeng
245 0 0 _aBroadcasting modernism
_ceditado por Debra Rae Cohen, Michael Coyle y Jane Lewty
260 _aGainesville (Florida, Estados Unidos)
_bUniversity Press of Florida
_c2013
300 _aviii, 330 páginas
504 _aIncluye referencias bibliográficas e índices
505 0 0 _rDebra Rae Cohen, Michael Coyle, and Jane Lewty
_rAaron Jaffe
_rJeffrey Sconce
_rTimothy C. Campbell
_rMartin Spinelli
_rDavid Jenemann
_rSarah Wilson
_rJonah Willihnganz
_rDebra Rae Cohen
_rTodd Avery
_rMichael Coyle
_rJane Lewty
_rBrook Houglum
_rLesley Wheeler
_rJ. Stan Barrett
_rSteven Connor.
_tIntroduction: Signing on
_tMedium and metaphor. Inventing the radio cosmopolitan: vernacular modernism at a standstill
_tWireless ego: the pulp physics of psychoanalysis
_tMarinetti, Marconista: the futurist manifestos and the emergence of wireless writing
_t"Masters of sacred ceremonies": Welles, Corwin, and a radiogenic modernist literature
_tFlying solo: the charms of the radio body
_tPressures and intrusions. Gertrude Stein and the radio
_tThe Voice of America in Richard Wright's Lawd today!
_tAnnexing the oracular voice: form, ideology and the BBC
_tDesmond MacCarthy, Bloomsbury, and the aestheticist ethics of broadcasting
_t"We speak to India": T. S. Eliot's wartime broadcasts and the frontiers of culture
_tNegotiations, transactions, translations. "What they had heard said written": Joyce, Pound and the cross-correspondence of radio
_t"Speech without practical locale": radio and Lorine Niedecker's aurality
_tMaterializing Millay: the 1930s radio broadcasts
_tUpdating Baudelaire for the radio age: the refractive poetics of "The pleasures of merely circulating"
_tI switch off: Beckett and the ideals of radio
650 2 _aRadio y literatura
_955838
650 7 _aModernismo (Literatura)
_919685
650 7 _aMúsica
_955840
_xRadiodifusión
690 _942859
_aLiteratura
700 1 _aCohen, Debra Rae
_eeditor
_955843
700 1 _aCoyle, Michael
_d1957-
_eeditor
_955844
700 1 _aLewty, Jane
_eeditor
_955845
942 _a18
_cLIBRO
_e1
_mB863
_2DEWEY
_h809.91
999 _c184628
_d184628